Normal view
MARC view
- الاسلام - الثقافة الاسلامية
Entry Topical Term
001 - CONTROL NUMBER
- control field: 20710
003 - CONTROL NUMBER IDENTIFIER
- control field: JO-AjAnu
005 - DATE AND TIME OF LATEST TRANSACTION
- control field: 20230606073611.0
008 - FIXED-LENGTH DATA ELEMENTS
- fixed length control field: 230606|| aca||aabn | a|a d
040 ## - CATALOGING SOURCE
- Original cataloging agency: JO-AjAnu
- Transcribing agency: JO-AjAnu
150 ## - HEADING--TOPICAL TERM
- Topical term or geographic name entry element: الاسلام - الثقافة الاسلامية
670 ## - SOURCE DATA FOUND
- Source citation: Work cat.: (JO-AjAnu)10638: أأبو مسلم، عبد المجيد العرابلي, author 20709, حقيقة السموات كما صورها القرآن الكريم نور وهدى من الرحمن